Pays avec le plus de médailles en judo - Statistiques

Statistiques générales
  • Ce quiz a été pris 1 121 fois
  • Le résultat moyen est 6 sur 11
Statistiques - réponses
Médailles Pays % Correct
16 France
100%
16 Japon
99%
13 Russie
79%
14 Allemagne
74%
15 Corée du Sud
66%
10 Brésil
59%
11 Royaume-Uni
55%
9 Pays-Bas
36%
10 Belgique
32%
15 Pologne
30%
13 Cuba
19%
Aucun quiz correspondant
Distribution des résultats
% des personnes avec chaque résultat
Percentile par nombre de réponses
Votre historique - résultats
Vous n’avez pas pris ce quiz